Jack Plank tells tales / (Record no. 1940)
[ view plain ]
| 000 -LEADER | |
|---|---|
| fixed length control field | 02247cam a22003737a 4500 |
| 001 - CONTROL NUMBER | |
| control field | 1940 |
| 003 - CONTROL NUMBER IDENTIFIER | |
| control field | FISKH |
| 005 - DATE AND TIME OF LATEST TRANSACTION | |
| control field | 20241122121654.0 |
| 008 - FIXED-LENGTH DATA ELEMENTS--GENERAL INFORMATION | |
| fixed length control field | 061012s2007 nyua c 000 1 eng d |
| 010 ## - LIBRARY OF CONGRESS CONTROL NUMBER | |
| LC control number | 2006936489 |
| 020 ## - INTERNATIONAL STANDARD BOOK NUMBER | |
| International Standard Book Number | 9780545004978 |
| 020 ## - INTERNATIONAL STANDARD BOOK NUMBER | |
| International Standard Book Number | 9780545004961 |
| 035 ## - SYSTEM CONTROL NUMBER | |
| System control number | (OCoLC)ocn123130602 |
| 040 ## - CATALOGING SOURCE | |
| Original cataloging agency | OEM |
| Transcribing agency | OEM |
| Modifying agency | BAKER |
| -- | GK8 |
| -- | SUC |
| -- | EHH |
| -- | BTCTA |
| -- | VP@ |
| -- | XY4 |
| -- | YDXCP |
| -- | NTE |
| -- | MNF |
| -- | PFO |
| -- | FMO |
| -- | CQU |
| -- | DLC |
| Language of cataloging | eng |
| 042 ## - AUTHENTICATION CODE | |
| Authentication code | lccopycat |
| 050 00 - LIBRARY OF CONGRESS CALL NUMBER | |
| Classification number | PZ7.B1135 |
| Item number | Jac 2007 |
| 082 00 - DEWEY DECIMAL CLASSIFICATION NUMBER | |
| Classification number | 813.54 |
| Edition number | 23 |
| 100 1# - MAIN ENTRY--PERSONAL NAME | |
| Personal name | Babbitt, Natalie. |
| 245 10 - TITLE STATEMENT | |
| Title | Jack Plank tells tales / |
| Statement of responsibility, etc. | Natalie Babbitt. |
| 250 ## - EDITION STATEMENT | |
| Edition statement | 1st edition |
| 260 ## - PUBLICATION, DISTRIBUTION, ETC. | |
| Place of publication, distribution, etc. | New York : |
| Name of publisher, distributor, etc. | Scholastic, |
| Date of publication, distribution, etc. | 2007. |
| 300 ## - PHYSICAL DESCRIPTION | |
| Extent | 128 pages : |
| Other physical details | illustrations ; |
| Dimensions | 20 cm |
| 505 ## - FORMATTED CONTENTS NOTE | |
| Formatted contents note | W<br/> |
| 520 ## - SUMMARY, ETC. | |
| Summary, etc. | Jack Plank started out to be a pirate. His shipmates all liked him, and their ship, the Avarice, was certainly very beautiful. But after a while it was clear that he wasn't much good at plundering. He just didn't have the knack for it. So what to do? Jack did the only thing he could do-- he went ashore to look for another line of work. The town was called Saltwash, and he had a lot of helpful advice from the people in Mrs. DelFresno's boardinghouse. Somehow, though, each career he looked into seemed to have something wrong with it. And every night at dinner in the boardinghouse, he tried to explain why. For who would want to work where there might be a troll, or the danger of getting a crab caught in your beard? Or what about a music-loving crocodile? There were other things, too, that ran against every suggestion and took the wind out of his sails. At last, Jack decided he wouldn't be good at anything onshore and would have to go back to sea, pirate or not. But sometimes, as you probably know already, things work out very nicely when you least expect it. |
| 521 8# - TARGET AUDIENCE NOTE | |
| Target audience note | 860<br/> |
| Source | Lexile<br/> |
| 521 8# - TARGET AUDIENCE NOTE | |
| Target audience note | W<br/> |
| Source | Raz-Plus<br/> |
| 650 #0 - SUBJECT ADDED ENTRY--TOPICAL TERM | |
| Topical term or geographic name entry element | Pirates |
| Form subdivision | Juvenile fiction. |
| 650 #0 - SUBJECT ADDED ENTRY--TOPICAL TERM | |
| Topical term or geographic name entry element | Storytelling |
| Form subdivision | Juvenile fiction. |
| 650 #1 - SUBJECT ADDED ENTRY--TOPICAL TERM | |
| Topical term or geographic name entry element | Pirates |
| Form subdivision | Fiction. |
| 650 #1 - SUBJECT ADDED ENTRY--TOPICAL TERM | |
| Topical term or geographic name entry element | Storytelling |
| Form subdivision | Fiction. |
| 906 ## - LOCAL DATA ELEMENT F, LDF (RLIN) | |
| a | 7 |
| b | cbc |
| c | copycat |
| d | 2 |
| e | epcn |
| f | 20 |
| g | y-gencatlg |
| 942 ## - ADDED ENTRY ELEMENTS (KOHA) | |
| Source of classification or shelving scheme | Dewey Decimal Classification |
| Koha item type | Books |
| Suppress in OPAC | No |
| Withdrawn status | Lost status | Source of classification or shelving scheme | Damaged status | Not for loan | Collection | Home library | Current library | Shelving location | Date acquired | Total Checkouts | Full call number | Barcode | Date last seen | Copy number | Price effective from | Koha item type |
|---|---|---|---|---|---|---|---|---|---|---|---|---|---|---|---|---|
| Dewey Decimal Classification | Juvenile Fiction | Footprints International School Library Network Toul Kork Campus | Footprints International School Library Network Toul Kork Campus | 10/19/2023 | BAB 813.54 PZ7.B1135 | FISTK05414 | 10/19/2023 | 1 | 10/19/2023 | Books | ||||||
| Dewey Decimal Classification | Juvenile Fiction | Footprints International School Library Network Toul Kork Campus | Footprints International School Library Network Toul Kork Campus | 10/19/2023 | BAB 813.54 PZ7.B1135 | FISTK04968 | 10/19/2023 | 2 | 10/19/2023 | Books | ||||||
| Dewey Decimal Classification | Juvenile Fiction | Footprints International School Library Network Toul Kork Campus | Footprints International School Library Network Toul Kork Campus | TTP Secondary Fiction Bookshelves | 10/19/2023 | BAB 813.54 PZ7.B1135 | 2024-2367 | 11/22/2024 | 3 | 10/19/2023 | Books |
